000 00921nas a2200289 4500
001 BR2012005277
003 BR-BrBNA
005 20231205120856.0
007 ta
008 230509b bl.|||p| |||| 00| 00por d
040 _aBR-BrBNA
_bpor
_cBiblioteca Nacional de Agricultura
041 _a(Pt)
072 _aP33; F06; Q70
100 1 _aLo Monaco, P.A.
100 1 _aMatos, A.T. de
100 1 _aMartinez, H.E.P.
100 1 _aFerreira, P.A.
100 1 _aRamos, M.M.
245 1 _aCaracterísticas químicas do solo após a fertirrigação do cafeeiro com águas residuárias da lavagem e descascamento de seus frutos
650 _aCOFFEA ARABICA
650 _aPROCESSAMENTO
650 _aDESPOLPAMENTO
650 _aÁGUAS RESIDUAIS
773 0 _tIrriga (Brazil)
_xISSN 1808-3765
_g(Jul-Sep 2009), v. 14(3) p. 348-364
_wBR2012005277
909 _a202311
_bLúcia
_c55
_dLúcia Elande
942 _2AGRIS
_n0
_cANA
999 _c220754
_d220754